Clínica y pedagogía

A pesar de que la práctica educativa y pedagógica siempre ha sido descrita y definida esencialmente como una práctica de la relación humana, es sorprendente constatar que el sentido de esta verdad se aplica en torno de las prácticas de investigación en pedagogía, así como también de las prácticas de...

Full description

Bibliographic Details
Main Author: Filloux, Janine
Format: Analitica de revista
Published: México: UNAM, 1984.
Subjects:

MARC

LEADER 00000cab a2200000 a 4500
001 042342
003 UAHC_CL
005 20200415150947.0
008 030826s1984 mx d 000 1 spa
952 |0 0  |1 0  |4 0  |6 REV___MEXICANA_SOCIOLOGIA01_84_000000000000000  |7 0  |8 COMP  |9 93573  |a BC  |b BC  |c Hemeroteca  |d 2020-03-18  |l 0  |o REV. MEXICANA SOCIOLOGIA-01/84  |r 2020-03-18 00:00:00  |w 2020-03-18  |y REVA 
999 |c 53220  |d 53220 
040 |a UAHC_CL  |c UAHC_CL  |d UAHC_CL 
100 |a Filloux, Janine   |9 11285 
245 1 0 |a Clínica y pedagogía  |c Janine Filloux. 
260 |a México:  |b UNAM,  |c 1984. 
300 |a pp. 273-287 
500 |a En: Revista mexicana de sociología, no. 01, 1984. pp. 273-287. ISSN 2594-0651.  
520 |a A pesar de que la práctica educativa y pedagógica siempre ha sido descrita y definida esencialmente como una práctica de la relación humana, es sorprendente constatar que el sentido de esta verdad se aplica en torno de las prácticas de investigación en pedagogía, así como también de las prácticas de formación de educadores, pedagogos y docentes. 
650 0 |a Profesores   |9 718  |x Formación profesional 
650 0 |a  Pedagogía  |9 7875  |x Metodología 
650 0 |a Educación  |9 48  |x Aspectos sociales 
900 |a  REV. MEXICANA SOCIOLOGIA-01/84 
942 |c REVA